Estudis històrics i documents dels Arxius de Protocols : XIII XIII
Descripción Física:
286 p. ; 24 cm
Otros Autores:
Col·legi de Notaris de Barcelona
Materias:
Documents públics
MARC
| LEADER | 00000nam a2200000Ia 4500 | ||
|---|---|---|---|
| 001 | 11469 | ||
| 008 | 160829s1995 xx 000 0 cat d | ||
| 080 | |a A-1-227 | ||
| 245 | |a Estudis històrics i documents dels Arxius de Protocols : |b XIII | ||
| 260 | |a Barcelona : |b Col·legi de notaris de Barcelona, |c 1995 | ||
| 300 | |a 286 p. ; |c 24 cm | ||
| 650 | |a Documents públics |9 27111 | ||
| 700 | |a Col·legi de Notaris de Barcelona |9 27112 | ||
| 901 | |a Arxiu | ||
| 942 | |n 1 | ||
| 952 | |0 0 |1 0 |4 0 |6 A1227 |7 1 |9 44275 |a Arxiu |b Arxiu |d 2016-12-01 |l 0 |o A-1-227 |p 11469 |r 2016-12-01 00:00:00 |w 2016-12-01 |y ARXIU | ||
| 999 | |c 46855 |d 46855 | ||